000
00207 a2200097 4500
020
_a
9780439263603
041
_a
spa
100
_a
McNulty, Faith
245
_a
El verano que vivi con murcielagos
942
_c
BK
999
_c
16414
_d
16414